000 00205 a2200097 4500
001 15193
100 _aCassie W.F
245 _aStructural analysis
260 _aLondon
_bLongman
_c
090 _c11933
_d11933
942 _aNUST-CAE
_cM
_c2151
999 _c250266
_d250266